[Event "Chigorin Memorial 2014"]
[Site "St Petersburg RUS"]
[Date "2014.10.22"]
[Round "5.74"]
[White "Tukubayev, K"]
[Black "Vastrukhin, Oleg"]
[Result "1-0"]
[WhiteElo "2160"]
[BlackElo "2397"]
[WhiteFideId "13708147"]
[BlackFideId "4192770"]
[EventDate "2014.10.18"]

1. d4 g6 2. Nf3 Bg7 3. c4 Nf6 4. Nc3 d5 5. Qb3 c6 6. Bf4 O-O 7. e3 Qb6 8. Qxb6
axb6 9. cxd5 Nxd5 10. Nxd5 cxd5 11. Be2 Bf5 12. O-O Rc8 13. Rfc1 Nc6 14. a3 f6
15. Bb5 g5 16. Bg3 g4 17. Nd2 e5 18. dxe5 fxe5 19. e4 Nd4 20. Rxc8+ Rxc8 21. Bd3
Bg6 22. Rd1 Rd8 23. Kf1 Ne6 24. Be2 dxe4 25. Bxg4 Nd4 26. Nc4 h5 27. Be2 Re8 28.
Bxe5 Rxe5 29. Rxd4 Re6 30. Rd5 Rc6 31. b3 Bf7 32. Rd8+ Bf8 33. a4 Rf6 34. Rb8 h4
35. h3 Bd5 36. Rd8 Bxc4 37. Bxc4+ Kg7 38. Rd7+ Kg6 39. Bd5 e3 40. Be4+ Kg5 41.
Bf3 exf2 42. Kxf2 Bc5+ 43. Ke2 Rd6 44. Rxb7 Bg1 45. Rg7+ Rg6 46. Re7 Bh2 47. Kd3
Bg3 48. Kc4 Kf4 49. Kb5 Bf2 50. b4 Rd6 51. Rb7 Kg3 52. Rg7+ Kh2 53. Ka6 Be1 54.
Rg4 Bf2 55. Rg5 Rf6 56. Kb5 Re6 57. Bd5 Rf6 58. Rg7 Rd6 59. Kc4 Rd8 60. Rg6 Rf8
61. Kb5 Rf5 62. Kc6 Rf4 63. Rg4 Rf6+ 64. Kb7 Rd6 65. Bc6 Rf6 66. Rc4 Rf7+ 67.
Ka6 Rf6 68. Be4 Re6 69. Bf3 Rf6 70. b5 Kg3 71. Bc6 Rf4 1-0

[Event "Chigorin Memorial 2014"]
[Site "St Petersburg RUS"]
[Date "2014.10.22"]
[Round "5.75"]
[White "Iljin, Timofey"]
[Black "Tokhirjonova, Gulrukhbegim"]
[Result "1-0"]
[WhiteTitle "IM"]
[BlackTitle "WFM"]
[WhiteElo "2388"]
[BlackElo "2160"]
[WhiteFideId "14110180"]
[BlackFideId "14203626"]
[EventDate "2014.10.18"]

1. d4 d5 2. c4 c6 3. Nc3 Nf6 4. Nf3 dxc4 5. a4 Bf5 6. Nh4 Bc8 7. e3 Bg4 8. f3
Bc8 9. e4 e6 10. g3 c5 11. d5 exd5 12. e5 d4 13. Bxc4 Nfd7 14. Kf2 Nb6 15. Bb5+
Nc6 16. a5 Nd5 17. Ne4 Be7 18. a6 O-O 19. axb7 Bxb7 20. Bxc6 Bxc6 21. Nf5 Re8
22. Re1 Bf8 23. Ned6 Re6 24. Bd2 Ne7 25. Bg5 Qd7 26. Bxe7 Bxe7 27. b4 Bxd6 28.
Nxd6 Rh6 29. h4 cxb4 30. Qxd4 b3 31. Reb1 a5 32. Rxb3 Qh3 33. Qa7 Rd8 34. Rb8
Qd7 35. Rxd8+ Qxd8 36. Qc5 g5 37. Qxc6 1-0

[Event "Chigorin Memorial 2014"]
[Site "St Petersburg RUS"]
[Date "2014.10.22"]
[Round "5.76"]
[White "Nanjo, Ryosuke"]
[Black "Puzko, Danila"]
[Result "1-0"]
[WhiteTitle "CM"]
[WhiteElo "2384"]
[BlackElo "2154"]
[WhiteFideId "7000634"]
[BlackFideId "24153745"]
[EventDate "2014.10.18"]

1. e4 e6 2. d4 d5 3. Nc3 Bb4 4. e5 c5 5. a3 Bxc3+ 6. bxc3 Ne7 7. Qg4 cxd4 8.
Qxg7 Rg8 9. Qxh7 Qc7 10. Ne2 Nbc6 11. f4 Bd7 12. Qd3 dxc3 13. Qxc3 Nf5 14. Rg1
Qb6 15. g4 Rc8 16. gxf5 Rxg1 17. Be3 Rxf1+ 18. Kxf1 d4 19. Bxd4 Qb5 20. Bf2 Ne7
21. Qb3 Nxf5 22. Rb1 a6 23. Ke1 Rc4 24. Qxb5 Bxb5 25. Ng3 Rxf4 26. Rb4 Rxb4 27.
axb4 Nh4 28. Ne4 Nf3+ 29. Kd1 Nxe5 30. Nd6+ Ke7 31. Nxb7 f5 32. Bc5+ Kd7 33. h4
Bc6 34. Bd4 Bxb7 35. Bxe5 Bf3+ 36. Kd2 Kc6 37. c4 Bg4 38. Ke3 Kd7 39. b5 axb5
40. cxb5 Bd1 41. Kd4 Kc8 42. Kc5 Kb7 43. Bf4 Bh5 44. Be3 e5 45. Kd5 e4 46. Ke5
Bg4 47. Kf4 Kc7 48. Kg5 Kb7 49. Bc5 Be2 50. h5 1-0

[Event "Chigorin Memorial 2014"]
[Site "St Petersburg RUS"]
[Date "2014.10.22"]
[Round "5.77"]
[White "Karasev, Vladimir I"]
[Black "Mrykhin, Igor"]
[Result "0-1"]
[WhiteTitle "IM"]
[WhiteElo "2377"]
[BlackElo "2151"]
[WhiteFideId "4103971"]
[BlackFideId "24168106"]
[EventDate "2014.10.18"]

1. Nc3 c5 2. e4 Nc6 3. d3 g6 4. Be3 d6 5. d4 cxd4 6. Bxd4 Nxd4 7. Qxd4 Nf6 8.
Bb5+ Bd7 9. e5 dxe5 10. Qxe5 a6 11. Bxd7+ Qxd7 12. Rd1 Qf5 13. Qxf5 gxf5 14. Nd5
Nxd5 15. Rxd5 e6 16. Rd3 Rd8 17. Rxd8+ Kxd8 18. Nf3 Bg7 19. Ke2 Ke7 20. c3 Bf6
21. Rd1 Rg8 22. Ne1 Rg4 23. Kf1 Rh4 24. Nf3 Ra4 25. a3 Rc4 26. Rd3 Rc6 27. Ke2
Rb6 28. Rd2 Rd6 29. Rxd6 Kxd6 30. Nd2 Bg5 31. Nc4+ Kd5 32. Kd3 Bh4 33. Ne3+ Kc5
34. f3 Bd8 35. a4 Bc7 36. b4+ Kc6 37. h3 Kd6 38. a5 h5 39. c4 Bd8 40. c5+ Kc6
41. Nc4 Kb5 42. Kc3 Bc7 43. Kb3 Bg3 44. Na3+ Kc6 45. Kc4 Be1 46. Nc2 Bf2 47. Na1
f4 48. Nb3 Be3 49. Na1 h4 50. Nc2 Bf2 51. Na3 e5 52. Kd3 Kd5 53. Nc4 Be1 54.
Nb6+ Ke6 55. Kc4 f5 56. Nd5 Bd2 57. c6 bxc6 58. Nc7+ Kd6 59. Nxa6 e4 60. Nc5 e3
61. a6 e2 62. a7 e1=Q 63. a8=Q Qe2+ 64. Kb3 Qd1+ 0-1

[Event "Chigorin Memorial 2014"]
[Site "St Petersburg RUS"]
[Date "2014.10.22"]
[Round "5.78"]
[White "Ivanov, Sergei V."]
[Black "Musaev, Rasul"]
[Result "0-1"]
[BlackTitle "FM"]
[WhiteElo "2146"]
[BlackElo "2316"]
[WhiteFideId "24170003"]
[BlackFideId "24146870"]
[EventDate "2014.10.18"]

1. e4 c5 2. Nc3 Nc6 3. Bb5 Nd4 4. Bc4 g6 5. Nf3 Bg7 6. Nxd4 cxd4 7. Qf3 Nh6 8.
Ne2 O-O 9. d3 Ng4 10. Qg3 d6 11. h4 h5 12. Bb3 e6 13. Bd2 a5 14. a4 Qb6 15. Bg5
Be5 16. Qh3 d5 17. O-O dxe4 18. dxe4 Bd7 19. Qd3 Bg7 20. Kh1 Qd6 21. Bf4 Be5 22.
g3 Bxf4 23. Nxf4 Bc6 24. f3 Ne5 25. Qe2 Rad8 26. Rfd1 Qc7 27. Rd2 Qd6 28. Nd3
Nxd3 29. Qxd3 Rd7 30. Rg1 Qe5 31. Re2 Rc8 32. Kh2 b5 33. Ra1 Rb8 34. Qd2 bxa4
35. Bxa4 Bxa4 36. Rxa4 Rxb2 37. Rxa5 Qc7 38. Ra3 e5 39. Rf2 Qc4 40. Qc1 Rdb7 41.
Rg2 Qc5 42. Rd3 Rb1 43. Qd2 Qa7 44. g4 hxg4 45. fxg4 Qa1 46. Rf3 Rh1+ 47. Kg3
Rg1 48. Rf2 Rc7 49. h5 Rc3+ 50. Kh4 Rh1+ 51. Kg5 Qa8 52. Rh2 Qd8+ 53. Kh6 Rc6
54. hxg6 Rxg6+ 55. Kh5 Rxh2+ 56. Rxh2 Qf6 57. g5 Qf3+ 58. Kh4 Qxe4+ 59. Kg3 Rc6
60. Rg2 Qh7 0-1

[Event "Chigorin Memorial 2014"]
[Site "St Petersburg RUS"]
[Date "2014.10.22"]
[Round "5.79"]
[White "Manin, Viktor"]
[Black "Basso, Pier Luigi"]
[Result "0-1"]
[BlackTitle "FM"]
[WhiteElo "2137"]
[BlackElo "2312"]
[WhiteFideId "14201291"]
[BlackFideId "866970"]
[EventDate "2014.10.18"]

1. d4 g6 2. e4 Bg7 3. g3 d6 4. Bg2 Nf6 5. Ne2 O-O 6. O-O c6 7. c3 Nbd7 8. Nd2
Qc7 9. Qc2 e5 10. a4 Re8 11. b3 Nf8 12. dxe5 dxe5 13. Nc4 Be6 14. Ne3 Rad8 15.
Bb2 Bh6 16. Bc1 Bg7 17. Bb2 a5 18. Rad1 Qb6 19. c4 N6d7 20. Nc1 Nc5 21. Rxd8
Rxd8 22. Rd1 Re8 23. Bc3 Nfd7 24. Bf3 h5 25. h4 Bh6 26. Re1 Bf8 27. Kg2 Na6 28.
Nd3 Nb4 29. Nxb4 Bxb4 30. Rb1 Bxc3 31. Qxc3 Nc5 32. Qc2 Rd8 33. Rd1 Rd4 34. Qc3
Nxe4 35. Bxe4 Rxe4 36. Rd3 Rd4 37. Nc2 Rxd3 38. Qxd3 Bf5 39. Qe3 Qd8 40. Ne1 Qd4
41. Kf1 Qxe3 42. fxe3 Be4 0-1

[Event "Chigorin Memorial 2014"]
[Site "St Petersburg RUS"]
[Date "2014.10.22"]
[Round "5.80"]
[White "Ivanov, Rostislav"]
[Black "Mishuchkov, Nikolai M."]
[Result "0-1"]
[WhiteTitle "FM"]
[BlackTitle "IM"]
[WhiteElo "2129"]
[BlackElo "2310"]
[WhiteFideId "4160495"]
[BlackFideId "4102401"]
[EventDate "2014.10.18"]

1. e4 c5 2. Nf3 e6 3. d4 cxd4 4. Nxd4 a6 5. Nc3 Qc7 6. a3 Nf6 7. Be3 b5 8. Be2
Bb7 9. Bf3 b4 10. axb4 Bxb4 11. Qd3 Bxc3+ 12. bxc3 d6 13. Rb1 Nbd7 14. O-O Ne5
15. Qe2 O-O 16. g3 Nxf3+ 17. Qxf3 Nd7 18. Bd2 Nc5 19. Rfe1 f5 20. Qe2 fxe4 21.
Qc4 Bd5 22. Qf1 e5 23. Nb3 Ne6 24. Ra1 Bc4 25. Qh3 Qf7 26. Be3 Rfc8 27. Na5 d5
28. Qg2 Bb5 29. Rad1 Rxc3 30. Rxd5 Nf4 0-1

[Event "Chigorin Memorial 2014"]
[Site "St Petersburg RUS"]
[Date "2014.10.22"]
[Round "5.81"]
[White "Pimenov, Valeri"]
[Black "Rjabzev, Konstantin"]
[Result "0-1"]
[BlackTitle "IM"]
[WhiteElo "2118"]
[BlackElo "2310"]
[WhiteFideId "4150716"]
[BlackFideId "4150015"]
[EventDate "2014.10.18"]

1. e4 e5 2. Nf3 d6 3. d4 exd4 4. Nxd4 Nf6 5. Nc3 Be7 6. Be2 O-O 7. O-O Re8 8. f4
Bf8 9. Bf3 c6 10. b3 Na6 11. Bb2 Nc5 12. Re1 Qc7 13. Kh1 Bd7 14. g4 d5 15. e5
Nfe4 16. Nxe4 Nxe4 17. Bxe4 dxe4 18. c4 Rad8 19. Qe2 c5 20. Nb5 Qc8 21. Nxa7 Qb8
22. Nb5 Bc6 23. Rad1 Rd3 24. Kg1 Red8 25. Nc3 Qc8 26. Rxd3 exd3 27. Qd1 Qd7 28.
Nb1 d2 29. Rf1 Qd3 30. Nc3 Qe3+ 31. Rf2 Rd3 32. Nd5 Bxd5 33. cxd5 Rxd5 34. Kf1
c4 35. Rf3 Qxf3+ 36. Qxf3 0-1

[Event "Chigorin Memorial 2014"]
[Site "St Petersburg RUS"]
[Date "2014.10.22"]
[Round "5.82"]
[White "Kozhabekov, Adilkhan"]
[Black "Pisakov, Ilia"]
[Result "1/2-1/2"]
[BlackTitle "FM"]
[WhiteElo "2107"]
[BlackElo "2303"]
[WhiteFideId "13702858"]
[BlackFideId "4139020"]
[EventDate "2014.10.18"]

1. Nf3 d5 2. d4 Nf6 3. g3 Bf5 4. Bg2 e6 5. O-O h6 6. c4 c6 7. Nc3 Nbd7 8. Nd2
Be7 9. e4 dxe4 10. Ndxe4 Nxe4 11. Nxe4 O-O 12. h3 Nb6 13. b3 Qd7 14. Be3 Rad8
15. Qh5 Bg6 16. Qa5 Nc8 17. Rad1 Bd6 18. Nxd6 Nxd6 19. d5 cxd5 20. cxd5 e5 21.
Qc3 Rfe8 22. a4 b6 23. Rfe1 Rc8 24. Qb4 Bf5 25. Kh2 Rc2 26. Rd2 Rec8 27. Rxc2
Bxc2 28. Bc1 f6 29. Ba3 Nf5 30. Rc1 Nd4 31. Bb2 Nxb3 32. Rxc2 Rxc2 33. Qxb3 Rxf2
34. Kg1 Qf5 35. d6+ Kh8 36. Ba3 Rd2 37. Qe3 Qb1+ 38. Kh2 Qc2 39. Qg1 Qxa4 40.
Qc1 Rc2 41. d7 Rxg2+ 42. Kxg2 Qxd7 43. Qc4 a5 44. h4 b5 45. Qe4 b4 46. Bc1 a4
47. Qa8+ Kh7 48. Qe4+ Kg8 49. h5 a3 50. Qc4+ Kh8 51. Kh2 Qf5 52. g4 Qf2+ 53. Kh3
Qf3+ 54. Kh2 Qb7 55. Qe6 Qe4 56. Bxh6 Qh7 57. Bd2 Qc2 58. Kh3 a2 59. h6 Qd3+ 60.
Kh4 a1=Q 1/2-1/2

[Event "Chigorin Memorial 2014"]
[Site "St Petersburg RUS"]
[Date "2014.10.22"]
[Round "5.83"]
[White "Popov, Kirill"]
[Black "Zherebtsova, Alexandra"]
[Result "1-0"]
[BlackTitle "WFM"]
[WhiteElo "2303"]
[BlackElo "2142"]
[WhiteFideId "24157457"]
[BlackFideId "24129518"]
[EventDate "2014.10.18"]

1. e4 e5 2. Nf3 Nc6 3. d4 exd4 4. Nxd4 Bc5 5. Be3 Qf6 6. c3 Nge7 7. g3 h5 8. h3
h4 9. g4 Ng6 10. Bg2 Nf4 11. O-O Bd6 12. Nd2 b6 13. Nc4 Nxg2 14. Kxg2 Ba6 15.
Nxd6+ Qxd6 16. Re1 O-O-O 17. Nf5 Qf8 18. Bf4 g6 19. Ne3 f5 20. exf5 Bb7 21. f3
Re8 22. Qd3 Rg8 23. Nd5 gxf5 24. Nxc7 Rd8 25. g5 Qf6 26. Ne8 Rxg5+ 27. Kh2 Rg2+
28. Kxg2 Qg6+ 29. Kf2 1-0

[Event "Chigorin Memorial 2014"]
[Site "St Petersburg RUS"]
[Date "2014.10.22"]
[Round "5.84"]
[White "Gyokbulut, Julia"]
[Black "Loskutov, Sviatoslav"]
[Result "0-1"]
[WhiteTitle "WFM"]
[WhiteElo "2086"]
[BlackElo "2302"]
[WhiteFideId "4153979"]
[BlackFideId "4143809"]
[EventDate "2014.10.18"]

1. d4 Nf6 2. Bg5 d5 3. Bxf6 exf6 4. e3 Bd6 5. g3 O-O 6. Bg2 c6 7. Ne2 Re8 8. O-O
Bf5 9. Nd2 Nd7 10. c4 Bb4 11. cxd5 cxd5 12. a3 Bxd2 13. Qxd2 Nb6 14. b3 Qd7 15.
a4 Be4 16. f3 Bf5 17. g4 Be6 18. Rfc1 Nc8 19. Rc3 Nd6 20. Rac1 Qd8 21. Ng3 f5
22. gxf5 Bxf5 23. Rc5 Be6 24. f4 b6 25. Rc6 Rb8 26. Qb4 Nf5 27. Nxf5 Bxf5 28.
Re1 Rb7 29. a5 h5 30. axb6 Rxb6 31. Rxb6 axb6 32. Qb5 Be4 33. Bxe4 Rxe4 34. Qe2
Qh4 35. Qf2 Qe7 36. Kf1 Re6 37. Qf3 Qd7 38. Kf2 g6 39. Qe2 Rc6 40. Qf3 Rc3 41.
b4 Qf5 42. Re2 Rb3 43. Qg3 Rb1 44. Qh4 Kg7 45. Qg5 Qh3 46. Qg2 Qxg2+ 47. Kxg2
Rxb4 48. Kf3 Kf6 49. Rc2 Rc4 50. Rb2 Rc6 51. Rb5 Ke6 52. f5+ Kxf5 53. Rxd5+ Ke6
54. Rb5 Rd6 55. h4 Kd7 56. d5 Kc7 57. e4 Rf6+ 58. Ke3 Rf1 59. e5 Ra1 60. Kf4 Ra5
61. d6+ Kc6 62. Rb1 Rc5 63. Ra1 f6 64. exf6 Rf5+ 65. Ke4 Kxd6 66. Rd1+ Kc7 67.
f7 Rxf7 68. Rg1 Rf6 69. Ke5 Rc6 70. Kd5 b5 71. Ra1 Rc4 72. Rb1 Kb6 73. Rg1 Rg4
74. Rf1 b4 75. Rf8 Kb5 76. Rb8+ Ka4 77. Kc5 Rxh4 0-1

[Event "Chigorin Memorial 2014"]
[Site "St Petersburg RUS"]
[Date "2014.10.22"]
[Round "5.85"]
[White "Strugnell, Carl"]
[Black "Lagashin, Pavel"]
[Result "0-1"]
[WhiteTitle "FM"]
[WhiteElo "2297"]
[BlackElo "2138"]
[WhiteFideId "616753"]
[BlackFideId "24132144"]
[EventDate "2014.10.18"]

1. e4 c5 2. Nc3 e6 3. Nf3 Nc6 4. d4 cxd4 5. Nxd4 Qc7 6. Be3 a6 7. Qd2 Nf6 8. f4
b5 9. e5 b4 10. Ncb5 axb5 11. Nxb5 Qb8 12. exf6 gxf6 13. c4 bxc3 14. bxc3 d5 15.
Be2 Ba6 16. Rb1 f5 17. O-O Be7 18. Na7 Qc7 19. Bxa6 Rxa7 20. Bb5 Ra3 21. Bxc6+
Qxc6 22. Rb8+ Bd8 23. Bd4 Rg8 24. Rfb1 Ra8 25. Qb2 Kd7 26. Qe2 Bc7 27. Rxg8 Rxg8
28. Qh5 Ke7 29. Qh4+ Kf8 30. Qh6+ Ke7 31. g3 Rg6 32. Qh4+ Ke8 33. Qxh7 Bxf4 34.
Rb6 Qa4 35. Qh8+ Kd7 36. Rb7+ Bc7 37. Qe5 Qd1+ 38. Kg2 Qc2+ 39. Bf2 Qe4+ 40.
Qxe4 fxe4 41. Bb6 Kc6 42. Rxc7+ Kxb6 43. Rxf7 Kb5 44. Rc7 Rf6 45. a4+ Kxa4 46.
Rb7 e3 47. g4 e5 48. Re7 e4 49. Rb7 Ka3 50. Rb1 Rf2+ 51. Kg3 Ka2 52. Re1 Rf3+
53. Kh4 Kb3 54. g5 Kxc3 55. g6 Rf8 56. Rxe3+ Kd2 57. Ra3 e3 58. Ra2+ Kd3 59.
Ra3+ Ke4 60. Ra7 e2 61. Re7+ Kd3 62. Kg5 Rf1 63. g7 e1=Q 64. Rxe1 Rxe1 65. Kf6
Rf1+ 66. Ke6 Rg1 67. Kf7 Ke4 68. h4 Kf5 69. h5 Ra1 70. g8=Q Ra7+ 0-1

[Event "Chigorin Memorial 2014"]
[Site "St Petersburg RUS"]
[Date "2014.10.22"]
[Round "5.86"]
[White "Belova, Olga"]
[Black "Polyaninov, Aleksey"]
[Result "0-1"]
[WhiteTitle "WFM"]
[WhiteElo "2080"]
[BlackElo "2295"]
[WhiteFideId "4138422"]
[BlackFideId "4118499"]
[EventDate "2014.10.18"]

1. e4 c5 2. Nf3 e6 3. d4 cxd4 4. Nxd4 Nc6 5. Nb5 d6 6. Bf4 e5 7. Be3 Nf6 8. Bg5
Qa5+ 9. Bd2 Qd8 10. Bg5 Be6 11. N1c3 a6 12. Na3 Be7 13. Bxf6 Bxf6 14. Nc4 O-O
15. h4 b5 16. Ne3 Qa5 17. Qd2 Ne7 18. Be2 b4 19. Ncd5 Bxd5 20. exd5 e4 21. a3
Qc7 22. Nc4 a5 23. O-O Qc5 24. Rad1 Ng6 25. h5 Ne5 26. axb4 axb4 27. b3 Nxc4 28.
Bxc4 Bc3 29. Qf4 f5 30. h6 g6 31. g4 fxg4 32. Qxg4 Rae8 33. Kg2 Rf5 34. f4 Ref8
35. Rf2 Qc7 36. Rdf1 Qf7 37. Qe2 Bd4 38. Qxe4 Bxf2 39. Rxf2 Rxf4 40. Rxf4 Qxf4
41. Qe6+ Kh8 42. Qe7 Qxh6 43. Qxd6 Qd2+ 0-1

[Event "Chigorin Memorial 2014"]
[Site "St Petersburg RUS"]
[Date "2014.10.22"]
[Round "5.87"]
[White "Dauletova, Gulmira"]
[Black "Semenenko, Sergey"]
[Result "1-0"]
[WhiteTitle "WIM"]
[WhiteElo "2293"]
[BlackElo "2130"]
[WhiteFideId "13702971"]
[BlackFideId "4173767"]
[EventDate "2014.10.18"]

1. e4 c5 2. Nf3 d6 3. d4 cxd4 4. Nxd4 Nf6 5. Nc3 a6 6. Bc4 e6 7. O-O Be7 8. Bb3
b5 9. Qf3 Qc7 10. Qg3 O-O 11. Bh6 Ne8 12. Rad1 Kh8 13. Bg5 Nf6 14. a3 Nbd7 15.
Bxe6 fxe6 16. Nxe6 Qa7 17. Bh6 Nh5 18. Bxg7+ Kg8 19. Qg4 Nc5 20. Bxf8+ 1-0

[Event "Chigorin Memorial 2014"]
[Site "St Petersburg RUS"]
[Date "2014.10.22"]
[Round "5.88"]
[White "Stetsko, Lanita"]
[Black "Korchagina, Viktoria"]
[Result "0-1"]
[WhiteTitle "FM"]
[BlackTitle "WFM"]
[WhiteElo "2291"]
[BlackElo "2124"]
[WhiteFideId "13505300"]
[BlackFideId "4197224"]
[EventDate "2014.10.18"]

1. e4 c5 2. Nf3 d6 3. Bb5+ Nc6 4. O-O Bd7 5. Re1 Nf6 6. c3 a6 7. Bf1 Bg4 8. h3
Bxf3 9. Qxf3 g6 10. d3 Bg7 11. Be3 O-O 12. Nd2 Nd7 13. Qd1 b5 14. Nf3 b4 15. Qd2
bxc3 16. bxc3 Qa5 17. Rac1 Rfb8 18. Rc2 Rb7 19. Qc1 Rab8 20. d4 Nb6 21. Bh6 Bh8
22. e5 dxe5 23. dxe5 e6 24. c4 Nd7 25. Qf4 Nd4 26. Rd2 Nxf3+ 27. Qxf3 Nxe5 28.
Qe4 Rd7 29. Rxd7 Nxd7 30. Rd1 Nf6 31. Qe5 Re8 32. Qd6 Bg7 33. Be3 Rc8 34. Qe7 h5
35. Qb7 Re8 36. Rd6 Qxa2 37. Rxa6 Qc2 38. Ra7 Rf8 39. Bxc5 Ne4 40. Be3 Bh6 41.
Qb6 Bxe3 42. Qxe3 Nd2 43. Bd3 Qd1+ 44. Kh2 Qb3 45. Rc7 Qb8 46. Qf4 e5 47. Qxe5
Re8 48. Qf4 Re7 49. Qxd2 Qxc7+ 50. g3 Qe5 51. h4 Qd4 52. Qc2 Rb7 53. Bxg6 Rb2 0-1

[Event "Chigorin Memorial 2014"]
[Site "St Petersburg RUS"]
[Date "2014.10.22"]
[Round "5.89"]
[White "Repkin, Alexander"]
[Black "Yeletsky, Ivan"]
[Result "1/2-1/2"]
[WhiteElo "2077"]
[BlackElo "2284"]
[WhiteFideId "24126691"]
[BlackFideId "24180327"]
[EventDate "2014.10.18"]

1. d4 Nf6 2. c4 g6 3. Nc3 d5 4. Nf3 Bg7 5. Qb3 dxc4 6. Qxc4 O-O 7. g3 Nc6 8. Bg2
Be6 9. Qa4 Nd5 10. e3 Nb6 11. Qd1 Bc4 12. b3 Ba6 13. Bb2 e5 14. dxe5 Nb4 15. Bf1
Nd3+ 16. Bxd3 Bxd3 17. Qd2 Qd7 18. O-O-O Rfd8 19. Ne1 Ba6 20. Qxd7 Nxd7 21. f4
f6 22. exf6 Nxf6 23. h3 Rxd1+ 24. Nxd1 Ne4 25. Bxg7 Nxg3 26. Rh2 Kxg7 27. Rd2
Rf8 28. Nf3 Rf7 29. Ne5 Re7 30. Nc3 c6 31. Rg2 Nf5 32. Kd2 Re8 33. e4 Rd8+ 34.
Kc1 Nd4 35. h4 Ne6 36. Rg4 Kf6 37. Kc2 Rg8 38. Nd7+ Ke7 39. Ne5 Kf6 40. Nd7+ Ke7
41. Ne5 Rf8 42. Rxg6 hxg6 43. Nxg6+ Kf7 44. Nxf8 Kxf8 45. f5 Nd4+ 46. Kd2 Nf3+
47. Ke3 Nxh4 48. Kf2 Bd3 49. Kg3 Nxf5+ 50. exf5 Bxf5 51. Kf4 Bc2 52. Ke5 Ke7 53.
b4 Kd7 54. a3 a6 55. Kd4 Kd6 56. Kc4 b6 57. Ne2 Ke5 58. Nd4 Ba4 59. Kc3 Bb5 60.
Nf3+ Ke4 61. Nd4 Kd5 62. Nf5 Ke6 63. Nd4+ Ke5 64. Nf3+ 1/2-1/2

[Event "Chigorin Memorial 2014"]
[Site "St Petersburg RUS"]
[Date "2014.10.22"]
[Round "5.90"]
[White "Ofitserian, Boris"]
[Black "Okun, Evgeny"]
[Result "1-0"]
[WhiteElo "2282"]
[BlackElo "2108"]
[WhiteFideId "24199443"]
[BlackFideId "24131806"]
[EventDate "2014.10.18"]

1. Nf3 c5 2. g3 g6 3. Bg2 Bg7 4. d4 cxd4 5. Nxd4 Nc6 6. Nb3 Nf6 7. c4 Na5 8. Na3
O-O 9. O-O d6 10. Bd2 Nc6 11. Bc3 Bf5 12. Nd4 Be4 13. f3 Nxd4 14. Bxd4 Bc6 15.
e4 a5 16. Nc2 b5 17. cxb5 Bxb5 18. Re1 e5 19. Bf2 Ba4 20. b3 Bc6 21. Ne3 d5 22.
Rc1 Bb7 23. exd5 Nxd5 24. Nc4 Nb4 25. Qe2 Nc6 26. Bc5 Nd4 27. Qf2 Qf6 28. Nxe5
Ne6 29. Bxf8 Bxf8 30. Nd7 Qf5 31. Nxf8 Rxf8 32. f4 Bxg2 33. Qxg2 Rd8 34. Red1
Re8 35. Rd5 Qf6 36. Qd2 h5 37. Qc3 Qe7 38. Re1 Qa7+ 39. Qe3 Qb7 40. Re5 Rf8 41.
f5 gxf5 42. Rxf5 Rc8 43. Rf2 Qd5 44. Qf3 Qd7 45. Qxh5 Rc5 46. Qg4+ Rg5 47. Qe4
Rg6 48. Ref1 Ng5 49. Rxf7 Nh3+ 50. Kh1 1-0

[Event "Chigorin Memorial 2014"]
[Site "St Petersburg RUS"]
[Date "2014.10.22"]
[Round "5.91"]
[White "Kolodkin, Daniil"]
[Black "Samdanov, Samdan"]
[Result "0-1"]
[WhiteElo "2072"]
[BlackElo "2278"]
[WhiteFideId "1039776"]
[BlackFideId "4188101"]
[EventDate "2014.10.18"]

1. e4 c5 2. Nf3 d6 3. Bb5+ Nd7 4. O-O a6 5. Bd3 e6 6. Re1 Ne7 7. c3 Ng6 8. Bc2
Be7 9. d4 Qc7 10. Nbd2 b6 11. Nf1 Bb7 12. Bg5 Bxg5 13. Nxg5 h6 14. Nf3 O-O 15.
Rc1 Rac8 16. Ng3 e5 17. Nf5 Nf6 18. dxe5 dxe5 19. Qd6 Ne8 20. Qxc7 Rxc7 21. Rcd1
Bc8 22. Rd8 Be6 23. Bb3 c4 24. Bc2 Nf6 25. Red1 Nd7 26. Rxf8+ Kxf8 27. Rd6 Rc8
28. g3 Ne7 29. Ne3 Rc6 30. Rxc6 Nxc6 31. Nd5 g6 32. Nc7 Nc5 33. Nxe6+ Nxe6 34.
Nd2 b5 35. Kf1 Ke7 36. Ke2 Kd6 37. Ke3 Nc5 38. f4 exf4+ 39. gxf4 g5 40. fxg5
hxg5 41. Bd1 Ne5 42. Nf3 Nxf3 43. Bxf3 Ne6 44. Bg4 Nc5 45. Kd4 f6 46. Bd1 Ne6+
47. Ke3 Ke5 48. Bg4 Nc5 49. Bd1 Nxe4 50. a4 Nc5 51. axb5 axb5 52. Bh5 Nb7 53.
Be8 Nd6 54. Bc6 g4 55. Bd7 f5 56. Ke2 Kf4 57. Kf2 Ke4 58. Ke2 Kf4 59. Kf2 Kg5
60. h3 gxh3 61. Kg3 h2 62. Kxh2 Kf4 63. Kg2 Ke3 64. Kg3 f4+ 65. Kg2 f3+ 66. Kf1
Ne4 0-1

[Event "Chigorin Memorial 2014"]
[Site "St Petersburg RUS"]
[Date "2014.10.22"]
[Round "5.92"]
[White "Sichinava, Zviad"]
[Black "Gurvich, Vitaly"]
[Result "1-0"]
[WhiteElo "2275"]
[BlackElo "2106"]
[WhiteFideId "24111716"]
[BlackFideId "24164852"]
[EventDate "2014.10.18"]

1. d4 Nf6 2. Bg5 e6 3. Nd2 d5 4. e3 c5 5. c3 Nbd7 6. f4 cxd4 7. cxd4 Qb6 8. Bxf6
Nxf6 9. Rb1 Qa5 10. a3 Ne4 11. Nf3 Nxd2 12. Nxd2 Bd6 13. Bd3 Bd7 14. Kf2 O-O-O
15. b4 Qxa3 16. Qc2+ Kb8 17. Ra1 Ba4 18. Qxa4 Qxd3 19. Qxa7+ Kc7 20. Rhc1+ Kd7
21. Qxb7+ Ke8 22. Nf3 Rd7 23. Qc8+ Rd8 24. Qc6+ Ke7 25. Ra7+ Kf6 26. b5 h6 27.
b6 g5 28. Ne5 Bxe5 29. fxe5+ Kg6 30. Qc2 Qxc2+ 31. Rxc2 Rb8 32. Rc6 Ra8 33. Kf3
Rab8 34. Rd7 Rhc8 35. Rxc8 Rxc8 36. b7 Rb8 37. g4 f6 38. Re7 fxe5 39. dxe5 h5
40. Rxe6+ Kf7 41. Rb6 h4 42. Ke2 1-0

[Event "Chigorin Memorial 2014"]
[Site "St Petersburg RUS"]
[Date "2014.10.22"]
[Round "5.93"]
[White "Shemeakin, Alexander"]
[Black "Skvortsov, Alexander"]
[Result "1-0"]
[WhiteTitle "IM"]
[WhiteElo "2270"]
[BlackElo "2099"]
[WhiteFideId "14101840"]
[BlackFideId "24170038"]
[EventDate "2014.10.18"]

1. d4 Nf6 2. c4 c5 3. d5 b5 4. Nf3 g6 5. cxb5 a6 6. Qc2 d6 7. e4 Bg7 8. Nc3 O-O
9. a4 e6 10. dxe6 fxe6 11. e5 Nd5 12. Bg5 Qa5 13. exd6 axb5 14. Bd2 Nb4 15. Qd1
N8c6 16. Bxb5 Bb7 17. O-O Rad8 18. Bg5 Nd4 19. Nxd4 cxd4 20. Bxd8 Qxd8 21. Ne2
Qxd6 22. Qb3 Kh8 23. Ng3 Nd5 24. Ne4 Qe7 25. Rfe1 Nf4 26. Rac1 Nxg2 27. Kxg2
Bxe4+ 28. Kf1 Qf7 29. Qg3 Qf5 30. Bc6 Bd3+ 31. Kg1 e5 32. Rc5 Ba6 33. Be4 Qh5
34. b4 d3 35. f3 d2 36. Rd1 Rd8 37. b5 Qh6 38. bxa6 Qe3+ 39. Qf2 Bh6 40. Kg2 Qb3
41. Qe2 Qxa4 42. Rd5 1-0